| 000 | 01154nmc a2200361 a 4500 | ||
|---|---|---|---|
| 003 | AR-BaBNM | ||
| 005 | 20251128210220.0 | ||
| 008 | 119019s1997 ||||||||||||||000 | spa|| | ||
| 020 | _a950-687-031-4 | ||
| 040 | _cAR-BaBNM | ||
| 100 | 1 | _aChemello, Graciela | |
| 245 | 1 | 0 |
_aMatemática _bmodelos didácticos |
| 250 | _a1ª ed. | ||
| 260 |
_aBuenos Aires _bConicet _c1997 |
||
| 300 |
_a111 p. _bil. |
||
| 490 | 0 | _aProciencia Conicet | |
| 500 | _aApéndices p. 97-104 | ||
| 500 | _aRepuesta de las actividades p. 105-110 | ||
| 500 | _aEste material forma parte del Proyecto de Matemática | ||
| 504 | _aBibliografía p. 111 | ||
| 650 | 4 | _aENSEÑANZA DE LAS MATEMATICAS | |
| 650 | 4 | _aMATEMATICA | |
| 650 | 4 | _aACTIVIDADES DE APRENDIZAJE | |
| 650 | 4 | _aFORMACION PROFESIONAL | |
| 653 | _aEDUCACION GENERAL BASICA | ||
| 653 | _aCONTENIDOS BASICOS COMUNES | ||
| 653 | _aMETODOS EDUCATIVOS | ||
| 700 | 1 | _aDíaz, Adriana | |
| 710 |
_aConsejo Nacional de Investigaciones Científicas y Técnicas [Argentina] _9CONICET _bPrograma Prociencia |
||
| 710 | 2 |
_aArgentina _bMinisterio de Cultura y Educación |
|
| 942 | _cBK | ||
| 998 | _cCarmen | ||
| 999 |
_c14539 _d14539 |
||